| 000 | 01187nac a22004330a 4500 | ||
|---|---|---|---|
| 001 | PT51755 | ||
| 003 | AR-LpoUNG | ||
| 005 | 20210201005511.0 | ||
| 008 | 201001s1976||||sp |||||||||||||||||spa d | ||
| 020 |
_a8471132028 _c$4 |
||
| 040 |
_aAR-LpoUNG _bspa _eaacr |
||
| 041 | _aspa | ||
| 044 | _asp | ||
| 082 | 0 | _aR920.02 844v9 | |
| 100 | 1 | _aPinilla, Ramiro | |
| 245 | 1 | 0 | _aPasteur |
| 250 | _a1§ ed. | ||
| 260 |
_aBilbao : _bMoretón, _c1976. |
||
| 300 |
_a392 p. : _bfot. _a(10 _fVolúmenes) _3Impreso |
||
| 490 | 0 | _aGrandes Biografías | |
| 505 | 0 | _aContenido: Pasteur / Ramiro Pinilla - Isabel de Inglaterra / Sysley Huddleston - César Borgia / José Ramón Blanco | |
| 650 | 4 | _aBIOGRAFIAS | |
| 650 | 4 | _aCIENCIAS NATURALES | |
| 650 | 4 | _aFRANCIA | |
| 650 | 4 | _aITALIA | |
| 650 | 4 | _aMATERIAL DE REFERENCIA | |
| 650 | 4 | _aMEDICINA | |
| 650 | 4 | _aMICROBIOLOGIA | |
| 650 | 4 | _aQUIMICA | |
| 650 | 4 | _aQUIMICOS | |
| 651 | 4 | _aDOCUMENTOS TEORICOS O METODOLOGICOS | |
| 653 | _aMONARQUIA | ||
| 653 | _aPASTEUR, LOUIS | ||
| 700 | 1 | _aBlanco, José Ramón | |
| 700 | 1 | _aHuddleston, Sysley | |
| 700 | 1 |
_aSanz, Angela María _etr. |
|
| 905 | _a51755 | ||
| 942 | _cLSALA | ||
| 999 |
_c49891 _d49891 |
||